=LDR 00000nam 2200000 4500 =001 INLIS000000000048282 =005 20200225022614 =035 ##$$a 0010-101600000000040 =008 200225################g##########0#ind## =020 ##$$a 979-3033-01-0 =040 ##$$a NBPDMAT =082 ##$$a 133.459 8 =090 ##$$a 133.459 8 $Tub t =100 ##$$a Tubagus Ronny Rahman Nitibaskara =245 1#$$a Teori, konsep dan kasus sihir tenung di Indonesia /$c Tubagus Ronny Rahman Nitibaskara =250 ##$$a Cet. 2 =260 ##$$a [ sl. ] :$b Peradaban,$c 2003 =300 ##$$a iii, 157 hlm ; $c 14,m 5 x 20, 5 Cm =650 #4$$a Sihir Tenung - Indonesia =850 ##$$a NBPDMAT =084 ##$$a 133.459 8 TUB t =504 ##$$a Bibliografi : hlm. 154 - 157 =990 ##$$a 31600052